00803 2200277 4500001002100000005001500021035002000036007000300056008004100059020002200100082001100122084001700133100003600150245007600186250001000262300002800272650002500300650003200325700003700357264003300394336002100427337003000448338002300478990001200501990001200513INLIS00000000000012020230713104357 a0010-0723000096ta230713 0  a978-602-8880-43-5 a629.25 a629.25 MOH s0 aMohammad Tri WahyudiePengarang1 aSistem Bahan Bakar Bensin Pada Kendaraan Ringan /cMohammad Tri Wahyudi acet 1 a84 hlm :bilus ;c25 cm 4aMesin Gas dan Minyak 4aKendaraan Bermotor - Teknik0 aM. Alaika SalamullohePenyunting aYogyakarta :bInsania,c2017 2rdacontentateks 2rdamediaatanpa perantara 2rdacarrieravolume a20.0104 a20.0105